000 00673nam a2200205 a 4500
001 000041009
005 20201002034540.0
008 130913s1991 sp a 000 0 spa d
020 _a8400072065
040 _aDO-SdBNP
_bspa
_cBNPHU
082 _axxxx
_bR621a
100 1 _aRivera C., J.
_967464
245 1 3 _aEl agrarismo Mexicano :
_bTextos y documentos (1908-1984) /
_cJ. Rivera C., J Hernández P.
260 _aSevilla :
_bCSIC,
_c1991.
300 _a238 p. ;
_c24 cm.
504 _aIncluye referencias bibliográficas y notas al pie de las páginas
504 _aBibliografía : p. 227-238
590 _aInventariado, 2019/ YL
700 1 _aHernández P., J.
_967465
999 _c40499
_d40499